[Event "Mogliano Veneto op-B 38th"]
[Site "Mogliano Veneto"]
[Date "2017.04.30"]
[Round "2.22"]
[White "Kofler, Albin Ernst"]
[Black "Dai Zotti, Marco"]
[Result "1-0"]
[WhiteElo "1637"]
[BlackElo "1717"]
[PlyCount "55"]
[EventDate "2017.04.29"]
[EventType "swiss"]
[EventRounds "5"]
[EventCountry "ITA"]
[SourceTitle "EXT 2023"]
[Source "ChessBase"]
[SourceDate "2022.10.05"]
[SourceVersion "1"]
[SourceVersionDate "2022.10.05"]
[SourceQuality "1"]

1. e4 c5 2. Nf3 Nc6 3. d4 cxd4 4. Nxd4 g6 5. Bc4 Bg7 6. Nxc6 bxc6 7. 0-0 Nf6 8. Nc3 0-0 9. Be3 d6 10. Qd2 Ng4 11. Bg5 h6 12. Bh4 Kh7 13. Rad1 g5 14. Bg3 f5 15. h3 f4 16. hxg4 fxg3 17. Qd3 gxf2+ 18. Rxf2 Qb6 19. e5+ Kh8 20. Rdf1 d5 21. Na4 Qd8 22. Rxf8+ Bxf8 23. Rf7 Bg7 24. Qg6 Qg8 25. Be2 Bf8 26. Qxc6 Qxf7 27. Qxa8 Be6 28. Nc5 1-0

[Event "Mogliano Veneto op-B 34th"]
[Site "Mogliano Veneto"]
[Date "2013.04.26"]
[Round "3"]
[White "Balzan, Marco"]
[Black "Dai Zotti, Marco"]
[Result "1-0"]
[WhiteElo "1732"]
[BlackElo "1646"]
[PlyCount "61"]
[EventDate "2013.04.25"]
[EventType "swiss"]
[EventRounds "6"]
[EventCountry "ITA"]
[SourceTitle "EXT 2015"]
[Source "ChessBase"]
[SourceDate "2014.11.20"]
[SourceVersion "1"]
[SourceVersionDate "2014.11.20"]
[SourceQuality "1"]

1. e4 c6 2. d4 d5 3. Nc3 dxe4 4. Nxe4 Nf6 5. Ng3 Bg4 6. Be2 Bxe2 7. N1xe2 e6 8. 0-0 Be7 9. b3 0-0 10. Bb2 Nbd7 11. c4 Qc7 12. Rc1 Rad8 13. Qc2 c5 14. Kh1 cxd4 15. Nxd4 Bc5 16. f4 Qb6 17. Rcd1 Nb8 18. Nb5 a6 19. Bxf6 gxf6 20. Nc3 Rxd1 21. Rxd1 Rd8 22. Na4 Rxd1+ 23. Qxd1 Qc7 24. Nxc5 Qxc5 25. Qd8+ Qf8 26. Qxf6 Nd7 27. Qg5+ Kh8 28. h3 Qa3 29. Qd8+ Nf8 30. Qf6+ Kg8 31. Nh5 1-0